Movies Quiz

Random Movies or Oscar Quiz
Score 0/16 Timer 05:00
0 Plays Today
% Correct
Oscar
Academy Awards
Los Angeles
U.S.A.
88.7%
BAFTA
British Academy
Film Awards

London, U.K.
80.3%
Palme d'Or
Cannes Film Festival
France
80.3%
Golden Globe Awards
Beverly Hills, U.S.A.
79.7%
Los Premios Goya
Madrid, Spain
59.6%
César Awards
Paris, France
48.8%
Golden Bear
Berlin International
Film Festival

Germany
48.4%
Hong Kong
Film Awards

China
42.2%
% Correct
Golden Lion
Venice Film Festival
Italy
40.1%
Nika Awards
Moscow, Russia
26.8%
台北金馬影展
Taipei Golden Horse
Film Festival & Awards

Taiwan
20.5%
Ariel
Mexican Academy
of Film Awards

Mexico City
15.4%
Golden Calf
Netherlands Film Festival
Utrecht
13.7%
Gold Scarab
Guldbagge Awards
Stockholm, Sweden
11.5%
Golden Horns
South African
Film & TV Awards

Johannesburg
11.2%
Crystal Globe
Karlovy Vary
International
Film Festival

Czechia
8.5%
Remove Ads.
Support Sporcle.
Get the best of Sporcle when you Go Orange. This ad-free experience offers more features, more stats, and more fun while also helping to support Sporcle. Thank you for becoming a member.

You're not logged in!

Compare scores with friends on all Sporcle quizzes.
OR
Log In

Sporcle TV

Today on Sporcle TV


Watch our educational content, quiz creation guides, and fun videos on Sporcle TV.

Show Comments

Extras

Top Quizzes Today


Score Distribution

Paid Content

Your Account Isn't Verified!

In order to create a playlist on Sporcle, you need to verify the email address you used during registration. Go to your Sporcle Settings to finish the process.

Report this User

Report this user for behavior that violates our Community Guidelines.

Details: